| 000 | 01316cam a2200349 i 4500 | ||
|---|---|---|---|
| 001 | 40553 | ||
| 003 | Mx-PuUPA | ||
| 005 | 20240410103815.0 | ||
| 008 | 140415s1998 mx gr 000 0 spa d | ||
| 020 | _a9505572557 | ||
| 040 |
_aMx-PuUPA _bspa _cMx-PuUPA _dMx-PuUPA _erda |
||
| 041 | 1 |
_aspa _hfre |
|
| 100 | 1 |
_aCohen, Daniel, _eautor _911279 _d1953- |
|
| 240 | 1 | 0 |
_aRichesse du monde, pauvretés des nations. _lEspañol |
| 245 | 1 | 0 |
_aRiqueza del mundo, pobreza de las naciones / _cDaniel Cohen ; traducción, Sandra Garzonio |
| 250 | _aPrimera edición | ||
| 264 | 1 |
_aMéxico, D. F. : _bFondo de Cultura Económica de Argentina, _c1998 |
|
| 300 |
_a142 páginas ; _c20 cm |
||
| 336 |
_2rdacontent _atexto _btxt |
||
| 337 |
_2rdamedia _asin medio _bn |
||
| 338 |
_2rdacarrier _avolumen _bnc |
||
| 650 | 7 |
_2armarc _aDesarrollo económico |
|
| 650 | 7 |
_2armarc _aRelaciones económicas internacionales |
|
| 650 | 7 |
_2armarc _aPobreza |
|
| 650 | 7 |
_2armarc _aNuevo orden económico internacional |
|
| 700 | 1 |
_aGarzonio, Sandra, _etraductor |
|
| 765 | 0 | 8 |
_aCohen, Daniel, 1953- _tRichesse du monde, pauvretés des nations. _z2080673947 |
| 942 |
_2ddc _cLI _h338.9 _iC678 |
||
| 999 |
_c40553 _d40553 |
||